000 00921nam a2200265Ia 4500
003 OSt
005 20220923212727.0
006 a|||||r|||| 00| 0
007 ta
008 220922b |||||||| |||| 00| 0 hin d
024 _a155,629
037 _cTextual
040 _aARTS
_cARTS
_bhin
041 _2hin
_ahin
082 _aO15,3D60w, 152H6;M6
100 _aद्विवेदी, हजारी प्रसाद
245 0 _aबाणभट्ट की आत्मकथा
246 _aBāṇabhaṭṭa kī ātmakathā
250 _aसंस्क 2
260 _aनई दिल्ली
_b राजकमल प्रकाशन
_c1986
300 _a283 पृ.
_ccm.
650 _aहिन्दी साहित्य
_9156264
942 _hO15,3D60w, 152H6;M6
_cTEXL
_2CC
999 _c311109
_d311109